Physics. (Record no. 8625)

MARC details
000 -LEADER
fixed length control field 00969cam a2200289 a 4500
001 - CONTROL NUMBER
control field 12277534
003 - CONTROL NUMBER IDENTIFIER
control field OSt
005 - DATE AND TIME OF LATEST TRANSACTION
control field 20240618163258.0
008 - FIXED-LENGTH DATA ELEMENTS--GENERAL INFORMATION
fixed length control field 010112s2002 nyua b 001 0 eng
010 ## - LIBRARY OF CONGRESS CONTROL NUMBER
LC control number 2001017605
Canceled/invalid LC control number 2001268648
020 ## - INTERNATIONAL STANDARD BOOK NUMBER
International Standard Book Number 0471320579
020 ## - INTERNATIONAL STANDARD BOOK NUMBER
International Standard Book Number 0471401943
040 ## - CATALOGING SOURCE
Original cataloging agency MUST
Transcribing agency MUST
Modifying agency DDC
082 00 - DEWEY DECIMAL CLASSIFICATION NUMBER
Classification number 530 HAL 2002
Edition number 20
100 1# - MAIN ENTRY--PERSONAL NAME
Personal name Halliday, David,
9 (RLIN) 8105
245 10 - TITLE STATEMENT
Title Physics.
250 ## - EDITION STATEMENT
Edition statement 5th ed. /
Remainder of edition statement David Halliday, Robert Resnick, Kenneth S. Krane.
260 ## - PUBLICATION, DISTRIBUTION, ETC. (IMPRINT)
Place of publication, distribution, etc. New York :
Name of publisher, distributor, etc. Wiley,
Date of publication, distribution, etc. 2002.
300 ## - PHYSICAL DESCRIPTION
Extent 2 v. :
Other physical details ill. (some col.) ;
Dimensions 29 cm.
504 ## - BIBLIOGRAPHY, ETC. NOTE
Bibliography, etc Includes bibliographical references and indexes.
650 #0 - SUBJECT ADDED ENTRY--TOPICAL TERM
Topical term or geographic name as entry element Physics.
9 (RLIN) 809
700 1# - ADDED ENTRY--PERSONAL NAME
Personal name Resnick, Robert,
Dates associated with a name 1923-
9 (RLIN) 7976
700 1# - ADDED ENTRY--PERSONAL NAME
Personal name Krane, Kenneth S.
9 (RLIN) 7381
856 42 - ELECTRONIC LOCATION AND ACCESS
Materials specified Publisher description
Uniform Resource Identifier <a href="http://www.loc.gov/catdir/description/wiley036/2001017605.html">http://www.loc.gov/catdir/description/wiley036/2001017605.html</a>
856 4# - ELECTRONIC LOCATION AND ACCESS
Materials specified Table of Contents
Uniform Resource Identifier <a href="http://www.loc.gov/catdir/toc/onix07/2001017605.html">http://www.loc.gov/catdir/toc/onix07/2001017605.html</a>
942 ## - ADDED ENTRY ELEMENTS (KOHA)
Source of classification or shelving scheme Dewey Decimal Classification
Koha item type Open Shelf
Holdings
Withdrawn status Lost status Source of classification or shelving scheme Damaged status Not for loan Home library Current library Date acquired Source of acquisition Total Checkouts Full call number Barcode Date last seen Price effective from Koha item type
    Other/Generic Classification Scheme     MUST Main Library MUST Main Library 18/06/2024 Purchase   530 HAL 2002 2024-20842 18/06/2024 18/06/2024 Open Shelf